Les featurings de Caballero & Jeanjass - Statistiques

Statistiques générales
  • Ce quiz a été pris 67 fois
  • Le résultat moyen est 48 sur 127
Statistiques - réponses
Caballero & Jeanjass Réponse % Correct
Brillant, Le Singe fume sa cigarette, Les yeux fermés | Montfermeil, Ca compte pas, Dans les étoiles, Fumer Tue, Au jour le Jour, La Vague, Les Loups (Interlude), Tu sais Très Bien, Sur Mes Pas, L'Horloge, Mon Clan, Ma Réussite, Médaille d'or, Mailles du Filet, Deadline, La Paire, Dis Merci, Bio Parade (interlude), Hybride, La tension | X-men, Mi-chemin Lomepal
93%
François Pignon | Incroyaux, Vrai ou faux, Un Cadeau | Pas ma faute Roméo Elvis
89%
Blanco | Sonic, Dark Maul Luv Resval
87%
Tchernobyl Kaaris
78%
Yellow, Donut Rim'K
76%
Bae Hamza
75%
Tout s'arrête, Siri 2 ICO
75%
Quand même, Tosma, Le salon de l'auto, Meilleur karaté, Flûtes recyclables, Gambinos Isha
75%
Fons Mister V
75%
Bigflo & Oli Bigflo & Oli
73%
Boozillé Lorenzo
71%
Flash, Nouveau QB, Ninjas & Gargouilles, Cendres et poussières Alkpote
69%
Ca m'arrange | Flûtes recyclables, Tornado, Adriano Limsa D'Aulnay
69%
Béatrice So La Lune
67%
Belly Ratchet, Obsèques, Cléopatre, Coiffure Affro | Déjeuner en guerre Mairo
65%
La famille Adam Vladimir Cauchemar
65%
La teuf | Veuve cliquot | Will Smith Dimeh
64%
Inner Démons, Parle pas trop, Fait maison | Le singe Fume sa cigarette | Qu'est ce que tu nous proposes ? Alpha Wann
60%
Ma story Angèle
60%
Social Club, Vie ordinaire Oxmo Puccino
60%
Le singe fume sa cigarette Nekfeu
58%
Arriba PLK
58%
Marche C NeS
56%
Type plante Savage Toddy
56%
Easy | Paf le chien, Nouvelle Donne, Les heures, Le Singe fume sa cigarette, Déjà Riche, Poumon d'or | Partis de rien, Otaku Senamo
56%
OkOk Youv Dee
56%
Donut Soso Maness
55%
Jeff Panacloc | Mains qui Prient Akhenaton
53%
Truman Show Jazzy Bazz
53%
Marche C Yvnnis
53%
Très à propos H JeuneCrack
51%
La vie en vert Jokair
51%
La Cause Roi Heenok
49%
Chargeur, O&S Lefa
47%
Un Cadeau, Sensation, Black ops Slimka
47%
Roberto Baggio Youssoupha
47%
ALZ Sofiane
45%
Grand Méchant Loup/ Serre les dents | hors de moi, Black OPS Absolem
44%
BIP Elgrandetoto
44%
NEW Le Juiice
44%
Monster Rowjay
44%
La vie en vert Sopico
44%
Tornado Enima
42%
Okocha, Deadline, La Paire, Dis Merci, Bio Parade (interlude), Hybride, La tension, Félice Kéroué
42%
De loin Chilla
40%
Berkane Nemir
40%
Purosangue Niro
40%
Un bon jour ThaHomey
38%
Toujours les mêmes Krisy
36%
Byzance, American Pie Seth Gueko
36%
Pièces manquantes Zamdane
36%
Vie ordinaire, Le singe fume sa cigarette Swing
33%
Clark Kent | Jacques Chirac 2.0 Infinit'
29%
Le six, Astroboy, Phoenix, Guap, Run x2, S/O Big slime, Hiver Fuku
27%
Fumer Tue, Au jour le Jour, La Vague, Les Loups (Interlude), Tu sais Très Bien, Sur Mes Pas, L'Horloge, Mon Clan, Ma Réussite Hologram' Lo
27%
Orly Love Benjamin Vndredi
25%
Médaille d'or, Parle pas trop Doums
25%
Pont de la reine, Le plus fin, Ne m'en voulez pas, Mérité, Longue vie, Pas de refrain, Relax, Toute bonne chose, Magiciens, In de studio Le Seize
25%
Intro, L'encyclique, Saint-Jass de Compostelle, Veillée, Comme ça tu sais, Outro, Les caves Le seize
25%
Jacques Chirac 2.0 | Nota bene VEERUS
25%
Omelettes Benjamin Epps
24%
In de studio Eskondo
24%
Bla-bla-bla Julien Doré
24%
Nouveau Plan Shayfeen
24%
Nouveau Plan Madd
22%
Parle pas trop Sneazzy
22%
Déjà Riche, Derrières les masques, Le Singe fume sa cigarette, Qu'est ce que tu nous proposes ? Ysha
22%
Coupe le son Deen Burbigo
20%
Fait maison Georgio
20%
Mon Dos HD La Relève
20%
Derrière les masques, Le singe fume sa cigarette, Nouvelle Donne, Pour ça, Chill & Ride Seven
20%
Grammy Tuerie
20%
Déjà fait Peet
18%
Pour pas que BX m'oublie, L'Edifice | Qu'est ce que tu dis d'ça ?, Freestyle All Shart 2 Seyté
18%
Mon Dos Yanso
18%
Aie aie aie | Fait pour ça Fixpen Sill
16%
JJ Kyo Itachi
16%
Banane L'or du Commun
16%
Mari de Kim - Interlude | Vivre en enfer Raf
16%
Coupe le son Makala
15%
Ecailles | OWAW La Miellerie
13%
Paiens Mani Deiz
13%
Seul(s) Sheldon
11%
D.M.T. | Jacques Chirac 2.0 VEUST
11%
Deadline, La Paire, Dis Merci, Bio Parade (interlude), Hybride, La tension Vidji
11%
ZHAR Bakari
9%
10K M Le Maudit
9%
Cléopatre Haile Supreme
7%
Une magnifique journée, American Pie Jason Voriz
7%
Seul(s) Stratega
7%
Le singe fume sa cigarette Walter
7%
Banane Zwangere guy
7%
Ca va bien s'passer, Seul(s) Flynt
5%
In de studio Berry
2%
S/O Big slime,Hiver Kosa
2%
Personne Les Alchimistes
2%
Hiver Meso
2%
Make Way Naive New Beaters
2%
Vivre en enfer Phalo Pantoja
2%
Ecailles Tawsen
2%
Fait maison Waltmann
2%
Vrai smoker Dirtyfieur
0%
Pour pas que BX m'oublie El Chileno
0%
Fait maison Mothas la Mascarade
0%
Otaku Neshga
0%
Aucun quiz correspondant
Distribution des résultats
% des personnes avec chaque résultat
Percentile par nombre de réponses
Votre historique - résultats
Vous n’avez pas pris ce quiz